书目信息 |
| 题名: |
京剧唱词选注
|
|
| 作者: | 徐世英 编著 | |
| 分册: | ||
| 出版信息: | 北京 人民日报出版社 1992.1 |
|
| 页数: | 236页 | |
| 开本: | 20cm | |
| 丛书名: | ||
| 单 册: | ||
| 中图分类: | I232 | |
| 科图分类: | ||
| 主题词: | 戏剧文学--剧本--中国 | |
| 电子资源: | ||
| ISBN: | 7-80002-363-X | |
| 000 | 00558nam0 2200193 45 | |
| 001 | 0312221749 | |
| 005 | 20031222170804.3 | |
| 010 | @a7-80002-363-X@dCNY4.50 | |
| 100 | @a20031222d1992 km y0chiy0120 ea | |
| 101 | @achi | |
| 105 | @a z 000yy | |
| 200 | 1 | @a京剧唱词选注@AJing Ju Chang Ci Xuan Zhu@f徐世英编著@FXu Shi Ying Bian Zhu |
| 210 | @a北京@c人民日报出版社@d1992.1 | |
| 215 | @a236页@d20cm | |
| 606 | 0 | @a戏剧文学@x剧本@x中国 |
| 690 | @aI232@v3 | |
| 701 | 0 | @a徐世英@4编著 |
| 801 | @aCN@bTSTCL@c20031222 | |
| 905 | @a213230@dI232@e100@b249595-601@f7 | |
| 京剧唱词选注/徐世英编著.-北京:人民日报出版社,1992.1 |
| 236页;20cm |
| ISBN 7-80002-363-X:CNY4.50 |
| ● |
| 相关链接 |
|
|
|
|
正题名:京剧唱词选注
索取号:I232/100
 
预约/预借
| 序号 | 登录号 | 条形码 | 馆藏地/架位号 | 状态 | 备注 |
| 1 | 0249595 | 001619136 | 密集书库/ [索取号:I232/100] | 在馆 | |
| 2 | 0249596 | 001619172 | 密集书库/ [索取号:I232/100] | 在馆 | |
| 3 | 0249597 | 001619216 | 密集书库/ [索取号:I232/100] | 在馆 | |
| 4 | 0249598 | 000768002 | 第二借阅区/ [索取号:I232/100] | 在馆 | |
| 5 | 0249599 | 000767995 | 第二借阅区/ [索取号:I232/100] | 在馆 | |
| 6 | 0249600 | 000767986 | 第二借阅区/ [索取号:I232/100] | 在馆 | |
| 7 | 0249601 | 000767977 | 第一样本阅览室/ [索取号:I232/100] | 在馆 |